00253 a2200109 4500001000700000020000600007040001100013100001700024240004900041245004400090362000900134179782 a  cMagnum aTasca, Maria10aDesenvolvendo a lingua falada e escritalpor10aDesenvolvendo a lingua falada e escrita0 a1899